Evolución de la creatividad dentro del ciclo medio de la EGB /

Bibliographic Details
Main Author: Moreno Abello, Juan Antonio
Other Authors: González Calleja, Francisco
Format: Libro
Language:English

MARC

LEADER 00000cam a2200000 a 4500
001 040211
003 UAHC_CL
005 20170803124429.0
008 060714b xx j 000 1 eng
040 |a UAHC_CL  |c UAHC_CL  |d UAHC_CL 
100 1 |a Moreno Abello, Juan Antonio 
245 1 0 |a Evolución de la creatividad dentro del ciclo medio de la EGB /  |c Juan Antonio Moreno, Francisco González. 
500 |a Revista Complutense de Educación. --Vol. 2, Nº2 (1991) pp. 245-256. 
700 1 |a González Calleja, Francisco 
900 |a REV. COMPLUT. EDUC.-02/91 
942 |c BK 
999 |c 40211  |d 40211